Štátny archív v Levoči, pobočka Poprad publikačne opäť aktívny

Bibliographic Details
Main Author: Kollárová, Zuzana, 1964- (Author)
Format: Article
Language:Slovak
Subjects:
Online Access:http://www.archivari.sk/FA/1_2005.pdf

MARC

LEADER 00000cab a2200000 a 4500
001 vtls008293755
003 SK-MaSNL
005 20260303075234.0
008 140328c2005 xo |||||||| |00 b|slo
015 |a SNBRB2005/08  |2 snkbucl 
038 |a SNKBUCL 
040 |a SNKBUCL  |b slo  |c SNKBUCL  |e AACR2 
041 0 |a slo 
044 |a xo  |c SK 
080 |a 930.25  |x (437.6)  |2 1997 
100 1 |a Kollárová, Zuzana,  |d 1964-  |4 aut  |9 103619 
245 1 0 |a Štátny archív v Levoči, pobočka Poprad publikačne opäť aktívny  |c Zuzana Kollárová 
610 2 7 |a Štátny archív (Levoča, Slovensko).  |b Pobočka Poprad  |2 snkbucl  |9 168449 
648 7 |a 2004  |2 snkbucl  |9 303492 
651 7 |a Levoča (Slovensko)  |2 snkbucl  |9 26696 
651 7 |a Poprad (Slovensko)  |2 snkbucl  |9 20155 
773 0 |t Fórum archivárov  |g Roč. IX[XIV], č. 1 (2005), s. 19-22 
852 |a SNK  |b KIS3GCP 
856 4 1 |u http://www.archivari.sk/FA/1_2005.pdf 
999 |c 1774921  |d 1776851